000 02027nam a2200361 a 4500
005 20200104041749.0
008 151109b2016 ck abdofr||||f00| 0 spa d
020 _a9789588889771 (impreso)
020 _a9789588889788 (digital)
040 _aCO-BoIAVH
_cCO-BoIAVH
041 0 _aspa
044 _ack
082 0 4 _a578.098611
_bC36b
245 1 0 _aCatálogo de la biodiversidad para la región caribe
_bVolumen 3 /
_ceditado por Lina M. Mesa-S., Marcela Santamaría, Hernando García y José Aguilar-Cano
250 _aPrimera edición
260 _aBogotá, Colombia :
_bInstituto de Investigación de Recursos Biológicos Alexander von Humboldt :
_bEcopetrol,
_c2016.
300 _a452 páginas :
_bilustraciones, mapas, tablas y fotografías a color ;
_c28 x 22 cm. +
_e1 mapa
490 0 _aSerie planeación ambiental para la conservación de la biodiversidad en las áreas operativas de Ecopetrol
504 _aIncluye referencias bibliográficas.
505 0 _aParte 1: Análisis territorial. Parte 2: Contexto territorial. Parte 3: Identificación de áreas de estudio. Parte 4: Biodiversidad local. Parte 5: Descripción de algunos cuerpos de agua ubicados en la región caribe y su riqueza de algas del perifiton y macroinvertebrados.
505 2 _aIncluye anexo mapa de susceptibilidad ambiental, área de influencia de Ecopetrol S.A. para la región caribe.
650 2 6 _aBiodiversidad
_zCaribe (Región, Colombia)
650 2 6 _aBiodiversidad
_vCatálogo
_zCaribe (Región, Colombia)
650 2 6 _aBiodiversidad
_xconservación
650 2 6 _aFlora
_vespecies
_zCaribe (Región, Colombia)
650 2 6 _aFauna
_vespecies
_zCaribe (Región, Colombia)
700 1 _aMesa, Lina María
_eeditora
700 1 _aSantamaría, Marcela
_eeditora
700 1 _aGarcía, Hernando
_eeditor
700 1 _aAguilar-Cano, José
_eeditor
710 2 _aInstituto de Investigación de Recursos Biológicos Alexander von Humboldt
942 _2ddc
_cLIBRO
999 _c18950
_d18950